Vista normal
Vista MARC
Entrada Término temático
Número de registros utilizados en: 1
001 - NÚMERO DE CONTROL
- campo de control: 83893
003 - IDENTIFICADOR DEL NÚMERO DE CONTROL
- campo de control: DO-SdBNP
005 - FECHA Y HORA DE LA ÚLTIMA TRANSACCIÓN
- campo de control: 20230807114603.0
008 - DATOS DE LONGITUD FIJA
- campo de control de longitud fija: 230807|| aca||aabn | a|a d
040 ## - FUENTE DE LA CATALOGACIÓN
- Centro catalogador/agencia de origen: DO-SdBNP
- Centro/agencia transcriptor: DO-SdBNP
150 ## - ENCABEZAMIENTO--TÉRMINO DE MATERIA
- Término de materia o nombre geográfico como elemento de entrada: Derechos humanos (Derecho internacional)
- Subdivisión general: Instrumentos internacionales
670 ## - FUENTE DE DATOS ENCONTRADOS
- Cita de la fuente: Work cat.: (DO-SdBNP)48483: República Dominicana. Secretaría de Estado de Interior y Policia 54546, El sistema interamericano de promoción y protección de los derechos humanos.Estatuto de la Comisión Interamericana de derechos humanos. Reglamento de la Comisión Interamericana de Derechos Humanos. Estatuto de la corte Interamericana de derechos humanos. Reglamento de la corte Interamericana de derechos humanos /
